00359nam a22000977a 4500008004100000082001900041245013600060260004200196300001000238500001300248230606b xxu||||| |||| 00| 0 eng d a338.96762bKEN aSecond Annual Progress ReportbOn the Implementation of the First Medium Term Plan (2008-2012)cGovernment of the Republic of Kenya aKenyabGovernment of KenyacMay, 2011 a172 p aPictures